000 00975nam a2200181Ia 4500
999 _c9737
_d9737
005 20231012163544.0
008 231011s9999 xx 000 0 und d
040 _aUPAN
_cBiblioteca San Vicente
_eRCAA2
041 _aspa
082 _a338.642 728 4
_bO353m
_c2001
110 _aComisión Nacional de la Micro y Pequeña Empresa
_4aut.
245 0 _aLa Microempresa en El Salvador:
_bMagnitud , importancia y características a finales de los años noventa/
_cComisión Nacional de la Micro y Pequeña Empresa
260 _aCosta Rica:
_bOIT,
_c2001
300 _a140 p.;
_c27 cm.
505 _aCapitulo 1. Principales rasgos del mercado de trabajo, Capitulo 2. Identifiacciòn de los estratos prodcutivos, Capitulo 3. La segmentaciòn del mercado de trabajo, Capitulo 4. Papel de la micro y pequeña empresa no agrìcola, Capitulo 5. Los microproductores no agrìcolas y sus negocios, Capitulo 6. Conclusiones
650 _2LEMB
_xMicroempresa
_zEl Salvador
942 _cBK
_2ddc